Angola multiple choice quiz - Statistics

General Stats
  • This quiz has been taken 5 times
  • The average score is 5 of 10
Answer Stats
Question Answer % Correct
Angola gets it's name from Ndongo
100%
Angola is Africas ___ largest country 7th
80%
____ helped Angola fight for independence Cuba
80%
The __________ were the first Europeans in Angola Portugese
80%
Angola has one of the largest __________ in Africa Waterfalls
80%
Angola has a shortage of ___ Men
60%
70% of Angola is under __ years old 24
20%
What is Angola's population (rounded to the nearest million) 37.25 million
20%
Angola is home to the famous _____ antelope Sable
20%
What is Angola's land area 1.247 million km2
0%
No matching quizzes found
Score Distribution
Percent of People with Each Score
Percentile by Number Answered
Your Score History
You have not taken this quiz